Central Library OPAC University of Rajshahi

Chinese mythology / (Record no. 32879)

MARC details
000 -LEADER
fixed length control field 00793nam a22002651 4500
001 - CONTROL NUMBER
control field 32879
003 - CONTROL NUMBER IDENTIFIER
rucl marc code BD-RjUL
005 - DATE AND TIME OF LATEST TRANSACTION
control field 20211209051917.0
008 - FIXED-LENGTH DATA ELEMENTS--GENERAL INFORMATION
fixed length control field 140428s1968 enkab b 001 0 eng d
035 ## - SYSTEM CONTROL NUMBER
System control number (BD-RjUL)32969
040 ## - CATALOGING SOURCE
Original cataloging agency DLC
Transcribing agency DLC
Modifying agency UKM
-- ZCU
-- BD-RjUL
Language of cataloging eng
041 ## - LANGUAGE CODE
Language code of text/sound track or separate title eng
082 04 - DEWEY DECIMAL CLASSIFICATION NUMBER
Classification number 299.51
Edition number 18
Author mark and year CHC 1968
100 1# - MAIN ENTRY--PERSONAL NAME
Personal name Christie, Anthony.
9 (RLIN) 99949
245 10 - TITLE STATEMENT
Title Chinese mythology /
Statement of responsibility, etc. Anthony Christie
260 ## - PUBLICATION, DISTRIBUTION, ETC. (IMPRINT)
Place of publication, distribution, etc. London :
Name of publisher, distributor, etc. Paul Hamlyn,
Date of publication, distribution, etc. 1968.
300 ## - PHYSICAL DESCRIPTION
Pagination 5-141 p. ;
Illustrations ill. ;
Size 29 cm.
500 ## - GENERAL NOTE
General note Illus. on lining papers.
504 ## - BIBLIOGRAPHY, ETC. NOTE
Bibliography, etc Bibliography: p. 136. and Index
520 ## - SUMMARY, ETC.
Summary, etc. Discusses the myths and gods of ancient China and their sources.
650 #0 - SUBJECT ADDED ENTRY--TOPICAL TERM
Topical term or geographic name as entry element Mythology, Chinese.
9 (RLIN) 99950
942 ## - ADDED ENTRY ELEMENTS (KOHA)
Source of classification or shelving scheme Dewey Decimal Classification
Koha item type Books
Holdings
Lost status Source of classification or shelving scheme Damaged status Not for loan Collection code Permanent Location Current Location Shelving location Date acquired Source of acquisition Cost, normal purchase price Total Checkouts Full call number Date last seen Copy number Koha item type
  Dewey Decimal Classification   Not For Loan Non-fiction Central Library, University of Rajshahi Central Library, University of Rajshahi Reading Room 22/12/1969 Q. B. Caufre 14.80   299.51 CHC 1968 28/04/2014 C-1 Books